| 000 | 01273nam a22002177a 4500 | ||
|---|---|---|---|
| 999 |
_c58529 _d58529 |
||
| 003 | Ge_BSU | ||
| 005 | 20220525113618.0 | ||
| 008 | 220525s2013 ge ||||| |||| 00| 0 geo d | ||
| 020 | _a9789941107641 | ||
| 041 | _ageo | ||
| 080 | _a657(075.8) ხ-25 | ||
| 100 |
_aხარაბაძე, ელენე _913836 |
||
| 245 |
_aფინანსური აღრიცხვა: _bსახელმძღვანელო / _cელენე ხარაბაძე; რედაქტორი: გოჩა თუთბერიძე; ივანე ჯავახიშვილის სახელობის თბილისის სახელმწიფო უნივერსიტეტი. |
||
| 264 |
_aთბილისი: _b მერიდიანი, _c2013. |
||
| 300 |
_a367 გვ.; _b29 სმ. |
||
| 653 | _aფინანსური აღრიცხვა. | ||
| 653 | _aსახელმძღვანელო | ||
| 700 |
_aთუთბერიძე, გოჩა _eრედაქტორი _91688 |
||
| 710 |
_aივანე ჯავახიშვილის სახელობის თბილისის სახელმწიფო უნივერსიტეტი _913837 |
||
| 942 |
_2udc _cBK |
||